Gregory and the Gargoyles Vol2 : The Time Key /

The fantasy adventure trilogy of a young boy's travels through a long-forgotten world where magic still rules. For ages 10+. PUBLICATION IN 7 VOLUMES - COMPLETED WORK. Young Gregory grows unhappy and restless when his father moves the entire family into an old family home in a new neighborhood....

Full description

Bibliographic Details
Corporate Author: Library Pass, LLC
Other Authors: Filippi, Denis-Pierre (writer.)
Format: eBook
Language:English
Published: [United States] : Humanoids, 2021.
Subjects:
Online Access:Connect to this electronic book (First time users create your free account)

MARC

Tag First Indicator Second Indicator Subfields
LEADER 00000nmm a22000001a 4500
001 in00004622021
006 m|||||o||m||||||||
007 cr|cn |||uuuuu
008 221118s2021 xxu||||co|||| ||||||eng d
005 20221207220210.0
035 |a (TxWaIVM)IV81137HuGr 
040 |a TxWaIVM  |c TxWaIVM 
245 0 0 |a Gregory and the Gargoyles Vol2 : The Time Key /  |c powered by Library Pass. 
260 3 |a [United States] :  |b Humanoids,  |c 2021. 
300 |a 1 online resource. 
336 |a text  |b txt  |2 rdacontent 
337 |a computer  |b c  |2 rdamedia 
338 |a online resource  |b cr  |2 rdacarrier 
520 |a The fantasy adventure trilogy of a young boy's travels through a long-forgotten world where magic still rules. For ages 10+. PUBLICATION IN 7 VOLUMES - COMPLETED WORK. Young Gregory grows unhappy and restless when his father moves the entire family into an old family home in a new neighborhood. While awake in his bed, a glimmer from the floor attracts Gregory's attention. He discovers a medallion on which there is a drawing of the great church that sits opposite his new residence. Bullied for being new, and ignored at home, Gregory decides to explore the church and the giant stone statue that rests atop of it. During his visit, the medallion begins to shine intensely and, with a flash, Gregory is hurled back to the 17th century, where gargoyles, sorcerers and magical beings live in harmony and magic. 
521 |a 5 
538 |a Requires a valid library card and registration for new users. 
538 |a Mode of access: World Wide Web. 
538 |a System requirements: Flash 10.1 or higher, Windows XP and higher, Internet Explorer 7 and higher, Firefox 3.6 and higher, Google Chrome; Max OS 10.5 and higher, Safari 4 and higher. 
650 0 |a Comic books, strips, etc. 
655 7 |a Electronic books.  |2 local 
655 7 |a Comic books, strips, etc.  |2 gsafd 
650 0 |a Comic books, strips, etc. 
655 7 |a Comic books, strips, etc.  |2 gsafd 
650 0 |a Animals 
655 7 |a Animals  |2 gsafd 
650 0 |a Fantasy comic books, strips, etc. 
655 7 |a Fantasy comic books, strips, etc.  |2 gsafd 
650 0 |a Comic books, strips, etc. --Fiction 
655 7 |a Comic books, strips, etc. --Fiction  |2 gsafd 
650 0 |a Comic books, strips, etc. --History 
655 7 |a Comic books, strips, etc. --History  |2 gsafd 
650 0 |a Comic books, strips, etc. 
655 7 |a Comic books, strips, etc.  |2 gsafd 
650 0 |a Fantasy comic books, strips, etc. 
655 7 |a Fantasy comic books, strips, etc.  |2 gsafd 
700 1 |a Filippi, Denis-Pierre.  |e writer. 
700 1 |a Etienne , J..  |e artist. 
700 1 |a Camboni, Silvio.  |e artist. 
710 2 |a Library Pass, LLC. 
856 4 0 |u http://proxy.library.tamu.edu/login?url=https://tamu.librarypass.com/product/com.iversecomics.humanoids.gregory.and.the.gargoyles.vol.2.the.time.key.english.03222021  |z Connect to this electronic book (First time users create your free account)  |t 0 
955 |a Comics Plus. 
999 f f |s c2c3eeb7-15fa-4708-8f72-2b61fbc1869d  |i 4df3eaa4-79ab-4ca5-bf9a-591a76f9d396  |t 0 
952 f f |a Texas A&M University  |b College Station  |c Electronic Resources  |d Available Online  |t 0  |h Library of Congress classification 
998 f f |t 0  |l Available Online